Электрические сети и распределительные устройства (Запись № 5994209)

Подробности
000 -МАРКЕР
контрольное поле 01433nam0a22002891 4500
001 - ИДЕНТИФИКАТОР ЗАПИСИ
контрольное поле rc\2612140
005 - ИДЕНТИФИКАТОР ВЕРСИИ
контрольное поле 20250623135055.0
035 ## - ДРУГИЕ СИСТЕМНЫЕ НОМЕРА
Идентификатор записи (NLR Aleph) 006775990
100 ## - ДАННЫЕ ОБЩЕЙ ОБРАБОТКИ
Данные общей обработки 20110914d1930 |||y0rusy50 ca
101 1# - ЯЗЫК РЕСУРСА
Язык текста, звукозаписи и т.д. русский
Язык оригинала немецкий
102 ## - СТРАНА ПУБЛИКАЦИИ ИЛИ ПРОИЗВОДСТВА
Страна публикации Российская Федерация
105 ## - ПОЛЕ КОДИРОВАННЫХ ДАННЫХ: ТЕКСТОВЫЕ МАТЕРИАЛЫ, МОНОГРАФИЧЕСКИЕ
Кодированные данные о монографическом текстовом документе a z |||||
200 1# - ЗАГЛАВИЕ И СВЕДЕНИЯ ОБ ОТВЕТСТВЕННОСТИ
Основное заглавие Электрические сети и распределительные устройства
Сведения, относящиеся к заглавию С 57 фиг. в тексте
-- Кн. 7-я Б-ки электротехника
Первые сведения об ответственности Э. Козак, инж.
Последующие сведения об ответственности Пер. с нем. под ред. и в обработке проф. В. А. Александрова
205 ## - СВЕДЕНИЯ ОБ ИЗДАНИИ
Сведения об издании 2-е изд.
210 ## - ПУБЛИКАЦИЯ, РАСПРОСТРАНЕНИЕ И ДР.
Место издания, распространения и т.д. Москва
Имя издателя, распространителя и т. д. Гос. техн. изд-во
Дата издания, распространения и т.д. [1930]
Место изготовления Ленинград
Имя изготовителя тип. Красный печатник
215 ## - ФИЗИЧЕСКАЯ ХАРАКТЕРИСТИКА
Специфическое обозначение материала и объем 80 с.
Другие сведения о физической характеристике черт.
Размеры 17х12 см.
225 1# - СЕРИЯ
Основное заглавие серии Рабочая библиотека. А. Серия 2
Обозначение тома № II-49
300 ## - ОБЩИЕ ПРИМЕЧАНИЯ
Текст примечания На обл. серия: "Рабочая б-ка электротехника"
700 #1 - ИМЯ ЛИЦА - ПЕРВИЧНАЯ ОТВЕТСТВЕННОСТЬ
Графика поля Кириллица
Материалы, к которым относится поле rus
Начальный элемент ввода Козак
Часть имени, кроме начального элемента ввода Э.
Даты 1875-1953
Расширение инициалов личного имени Эмиль
Системный номер авторитетной/нормативной записи 2642160
Идентификатор авторитетной/нормативной записи RU\NLR\AUTH\770272284
702 #1 - ИМЯ ЛИЦА - ВТОРИЧНАЯ ОТВЕТСТВЕННОСТЬ
Код отношения Редактор
Графика поля Кириллица
Материалы, к которым относится поле rus
Начальный элемент ввода Александров
Часть имени, кроме начального элемента ввода В. А.
Дополнения к именам, кроме дат инженер, электротехника
Даты 1880-1941
Расширение инициалов личного имени Валентин Александрович
Системный номер авторитетной/нормативной записи 2641499
Идентификатор авторитетной/нормативной записи RU\NLR\AUTH\770272202
801 #0 - ИСТОЧНИК ЗАПИСИ
Страна Российская Федерация
Организация NLR
Правила каталогизации psbo
801 #1 - ИСТОЧНИК ЗАПИСИ
Страна Российская Федерация
Организация ELAR
Источник данных rusmarc
852 ## - МЕСТОНАХОЖДЕНИЕ И ШИФР ХРАНЕНИЯ
Идентификатор организации NLR
Шифр хранения (Call Number) 30.16/110-49
942 ## - ДОПОЛНИТЕЛЬНЫЕ ЭЛЕМЕНТЫ ЗАПИСИ (АБИС)
Тип экземпляра АБИС Книга
980 ## - КОЛЛЕКЦИЯ
Название коллекции Национальная библиография
Экземпляры
Тип экземпляра Дата поступления Библиотека постоянного хранения Библиотека текущего хранения Место хранения Шифр хранения Штрих-код Статус экземпляра
Книга 26.10.2013 РНБ (Садовая) РНБ (Садовая) Русский книжный фонд -Главное здание, Ленинский читальный зал 30.16/110-49 6775990-10